000 00997cam a22002894a 4500
999 _c958
_d958
001 12151628
003 GZU
005 20200917094155.0
008 000823s2001 enkab b 001 0 eng
010 _a 00045446
020 _a0631224637 (acidfree paper)
020 _a063120069X (pbk. : acidfree paper)
040 _aDLC
_cDLC
_dDLC
042 _apcc
050 0 0 _aGB54.5
_b.GOU 2001
100 1 _aGoudie, Andrew.
_eauthor
245 1 4 _aThe nature of the environment /
_cAndrew Goudie.
250 _a4th ed.
260 _aOxford, UK ;
_aMalden, Mass. :
_bBlackwell Publishers,
_c2001.
300 _axv, 544 p. :
_bill. (some col.), maps ;
_c24 cm.
500 _aIncludes bibliographical references and index.
504 _aIncludes bibliographical references and index.
650 0 _aPhysical geography.
856 4 1 _3Table of contents
_uhttp://www.loc.gov/catdir/toc/fy034/00045446.html
906 _a7
_bcbc
_corignew
_d1
_eocip
_f20
_gy-gencatlg
942 _2lcc
_cBK
_e4th ed.
_h54.5
_iGOU
_kGB